Memoria de la Sociedad Minera La Carbonera de Cuenca (Record no. 152965)
[ view plain ]
| 000 -LEADER | |
|---|---|
| campo de control de longitud fija | 01043nam a2200193 i 4500 |
| 001 - NÚMERO DE CONTROL | |
| campo de control | 152965 |
| 003 - IDENTIFICADOR DE NÚMERO DE CONTROL | |
| campo de control | ES-MaACL |
| 005 - FECHA Y HORA DE LA ÚLTIMA TRANSACCIÓN | |
| campo de control | 20230906204943.0 |
| 008 - DATOS DE LONGITUD FIJA--INFORMACIÓN GENERAL | |
| campo de control de longitud fija | 950926s1858 sp f |||| | spa d |
| 110 2# - ENTRADA PRINCIPAL--NOMBRE DE ENTIDAD CORPORATIVA | |
| Nombre de entidad corporativa o nombre de jurisdicción como elemento de entrada | Sociedad Minera La Carbonera de Cuenca. |
| 9 (RLIN) | 134220 |
| 245 10 - MENCIÓN DEL TÍTULO | |
| Título | Memoria de la Sociedad Minera La Carbonera de Cuenca |
| Resto del título | : leída en la Junta General Ordinaria de 9 de mayo de 1858 / |
| Mención de responsabilidad, etc. | por... José Juan Navarro. |
| 260 ## - PUBLICACIÓN, DISTRIBUCIÓN, ETC. | |
| Lugar de publicación, distribución, etc. | Madrid : |
| Nombre del editor, distribuidor, etc. | [s.n.], |
| Fecha de publicación, distribución, etc. | 1858 ( |
| Fabricante | Eusebio Aguado) |
| 300 ## - DESCRIPCIÓN FÍSICA | |
| Extensión | 31 p., [2] h. de lám. pleg ; |
| Dimensiones | 22 cm. |
| 610 24 - PUNTO DE ACCESO ADICIONAL DE MATERIA--NOMBRE DE ENTIDAD CORPORATIVA | |
| Nombre de entidad corporativa o nombre de jurisdicción como elemento de entrada | Sociedad Minera La Carbonera de Cuenca. |
| 9 (RLIN) | 134220 |
| 650 #4 - PUNTO DE ACCESO ADICIONAL DE MATERIA--TÉRMINO DE MATERIA | |
| Término de materia o nombre geográfico como elemento de entrada | Minería- |
| Subdivisión geográfica | Cuenca (Provincia) |
| 9 (RLIN) | 167409 |
| 700 1# - ENTRADA AGREGADA--NOMBRE PERSONAL | |
| Nombre de persona | Navarro, Juan José. |
| 9 (RLIN) | 167061 |
| 852 ## - LOCALIZACIÓN | |
| Ubicación | ES-MaACL |
| Número de control de estantería | T-901-F-31 |
| Nota libre | - Enc. hol. |
| -- | . - Legado de Federico de Botella y de Hornos |
| condición física | - Falto de cub. original |
| Nota libre | - Enc. en un vol. facticio |
| 852 ## - LOCALIZACIÓN | |
| Ubicación | ES-MaACL |
| Número de control de estantería | B-8925(8) |
| Nota libre | .- Legado de Federico de Botella y de Hornos |
| -- | - Enc. en un vol. facticio, agrupado con el nombre en el lomo: España, geología, memorias y documentos varios 9 a 19 |
| Estatus retirado | Estado de pérdida | Estado de daño | No para préstamo | Colección | Biblioteca de origen | Biblioteca actual | Ubicación en estantería | Fecha de adquisición | Fuente de adquisición | Total de préstamos | Signatura topográfica completa | Código de barras | Visto por última vez | Precio de reemplazo | Tipo de ítem Koha |
|---|---|---|---|---|---|---|---|---|---|---|---|---|---|---|---|
| Libros del s. XIX | Biblioteca del Ateneo de Madrid | Biblioteca del Ateneo de Madrid | Sala Pardo Bazán | 21/05/2019 | B-8925(8) | 1200545 | 23/02/2023 | 23/02/2023 | Libro impreso antiguo | ||||||
| Colección de folletos | Biblioteca del Ateneo de Madrid | Biblioteca del Ateneo de Madrid | Depósito folletos | 17/01/2008 | T-901-F-31 | 1159796 | 23/02/2023 | 23/02/2023 | Folleto |
